Tous les sites UNESCO de Pologne sur une carte - Statistiques

Statistiques générales
  • Ce quiz a été pris 39 fois
  • Le résultat moyen est 8 sur 17
Réponses sur la Carte
Les réponses sont colorées sur une échelle allant du rouge au vert en fonction du pourcentage des utilisateurs qui les ont devinées à leur premier essai. Vous pouvez retrouver ces pourcentages ci-dessous.
 
Statistiques - réponses
Réponse % Correct
Centre historique de Varsovie
76%
Halle du Centenaire de Wroclaw
62%
Château de l’ordre Teutonique de Malbork
59%
Tserkvas en bois de la région des Carpates en Pologne et en Ukraine
59%
Forêt Bialowieza
59%
Ville médiévale de Toruń
55%
Centre historique de Kraków
52%
Mines royales de sel de Wieliczka et Bochnia
52%
Auschwitz Birkenau
48%
Vieille ville de Zamość
48%
Églises de la Paix à Jawor et Świdnica
41%
Forêts primaires et anciennes de hêtres d’Europe
41%
Parc de Muskau / Parc Mużakowski
41%
Églises en bois du sud de Małopolska
38%
Mine de plomb, argent et zinc de Tarnowskie Góry
38%
Kalwaria Zebrzydowska : ensemble architectural maniériste et paysager
31%
Région minière préhistorique de silex rayé de Krzemionki
24%
Aucun quiz correspondant
Distribution des résultats
% des personnes avec chaque résultat
Percentile par nombre de réponses
Votre historique - résultats
Vous n’avez pas pris ce quiz